LEADER 00974nam0 2200277 450 001 000000776 005 20050630115200.0 010 $a88-15-06211-4 100 $a--------d1997----km-y0itay50------ba 101 $aita 102 $aIT 200 1 $a<>attuazione della poltica agricola comunitaria per le strutture nel mezzogiorno$fGiovanni Enrico Marciani, Stefano Vaccari 210 $aBologna$cIl Mulino$d1997c 215 $a262 p.$d22 cm 225 2 $aCollana della Svimez 410 0$12001$aCollana della Svimez 610 1 $aUnione europea$aPolitica agraria 610 1 $aItalia meridionale$aPolitica agraria 676 $a338.18 700 1$aMarciani,$bGiovanni Enrico$0119163 701 1$aVaccari,$bStefano$0119164 801 0$aIT $bUNIPARTHENOPE $gRICA $2UNIMARC 912 $a000000776 951 $cNAVA1$a338-A/10$b33914$d20000224 996 $aAttuazione della poltica agricola comunitaria per le strutture nel mezzogiorno$91223356 997 $aUNIPARTHENOPE